[Event "Canadian Open ch 2007"]
[Site "Ottawa CAN"]
[Date "2007.07.08"]
[Round "2"]
[White "Ernst, Sipke"]
[Black "Plotkin, Victor"]
[Result "1-0"]
[WhiteElo "2554"]
[BlackElo "2303"]
[PlyCount "103"]
[EventDate "2007.07.07"]
[EventType "swiss"]
[EventRounds "9"]
[EventCountry "CAN"]
[Source "lmi"]
[SourceDate "2007.07.07"]

1. Nf3 Nf6 2. c4 e6 3. g3 d5 4. Bg2 Be7 5. O-O O-O 6. d4 dxc4 7. Ne5 c5 8. dxc5
Bxc5 9. Nxc4 Qc7 10. Be3 Bxe3 11. Nxe3 Bd7 12. Nd2 Bc6 13. Rc1 Qe7 14. Bh3 Rd8
15. Qc2 Nbd7 16. Nb3 Nb6 17. Na5 Be4 18. Qb3 Nbd5 19. Nec4 Nb4 20. a3 Na6 21.
f3 Bd5 22. e4 Bxc4 23. Rxc4 Rd7 24. Rfc1 Rad8 25. Rc8 Ne8 26. Rxd8 Rxd8 27. Qe3
Ra8 28. Bf1 Nd6 29. b4 Rc8 30. e5 Rxc1 31. Qxc1 Ne8 32. Qc8 Nac7 33. Nxb7 f6
34. Qd8 Kf8 35. Qxe7+ Kxe7 36. exf6+ Nxf6 37. Kf2 Kd7 38. Ke3 Kc6 39. Na5+ Kd6
40. Nc4+ Kd5 41. Nd2 g5 42. Bd3 h6 43. Be4+ Nxe4 44. fxe4+ Kc6 45. a4 a5 46.
bxa5 Kc5 47. Nf3 Kb4 48. Ne5 Kxa5 49. Nf7 h5 50. Nxg5 Kxa4 51. Kd4 Kb3 52. Ke5
1-0

[Event "Canadian Open ch 2007"]
[Site "Ottawa CAN"]
[Date "2007.07.08"]
[Round "2"]
[White "Reeve, Jeff"]
[Black "Yermolinsky, Alex"]
[Result "0-1"]
[WhiteElo "2344"]
[BlackElo "2511"]
[PlyCount "50"]
[EventDate "2007.07.07"]
[EventType "swiss"]
[EventRounds "9"]
[EventCountry "CAN"]
[Source "lmi"]
[SourceDate "2007.07.07"]

1. e4 c5 2. Nf3 e6 3. d4 cxd4 4. Nxd4 Nf6 5. Nc3 d6 6. g4 h6 7. g5 hxg5 8. Bxg5
Nc6 9. Qd2 Qb6 10. Nb3 a6 11. Be2 Bd7 12. h4 Qc7 13. O-O-O b5 14. h5 b4 15. Nd5
exd5 16. exd5 Ne7 17. Rh4 Nexd5 18. Rc4 Qd8 19. Bf3 Be7 20. Bxd5 Nxd5 21. Qxd5
Bxg5+ 22. f4 Be7 23. Re4 Be6 24. Qc6+ Kf8 25. Nd4 Qc8 0-1

[Event "Canadian Open ch 2007"]
[Site "Ottawa CAN"]
[Date "2007.07.08"]
[Round "2"]
[White "Cheng, Bindi"]
[Black "O Donnell, Tom"]
[Result "1/2-1/2"]
[WhiteElo "2217"]
[BlackElo "2367"]
[PlyCount "121"]
[EventDate "2007.07.07"]
[EventType "swiss"]
[EventRounds "9"]
[EventCountry "CAN"]
[Source "lmi"]
[SourceDate "2007.07.07"]

1. Nf3 d5 2. d4 c6 3. c4 e6 4. e3 Nf6 5. Bd3 Nbd7 6. O-O dxc4 7. Bxc4 b5 8. Bd3
a6 9. e4 Bb7 10. e5 Nd5 11. Ng5 Be7 12. Qh5 g6 13. Qh6 Bf8 14. Qh3 Bg7 15. Nc3
Nxc3 16. bxc3 c5 17. Re1 Rc8 18. Ne4 Bxe4 19. Rxe4 cxd4 20. cxd4 O-O 21. Bd2
Nb6 22. Rae1 Nc4 23. Bh6 Qa5 24. g4 Nd2 25. R4e3 Nf3+ 26. Qxf3 Bxh6 27. Re4
Rfd8 28. h4 Rxd4 29. Kg2 Rxe4 30. Rxe4 Qxa2 31. Rd4 Qb2 32. Qe4 Bg7 33. h5 Qc1
34. Rd6 Qg5 35. hxg6 hxg6 36. Rxa6 Qxe5 37. Qxe5 Bxe5 38. Rb6 Rd8 39. Rxb5 Rxd3
40. Rxe5 Kf8 41. Rb5 Rd5 42. Rb7 g5 43. Rb3 Kg7 44. Re3 Kf6 45. Ra3 Rd4 46. Kg3
Ke5 47. Ra5+ Rd5 48. Ra4 Rd3+ 49. f3 Rd2 50. Ra5+ Kf6 51. Rb5 Kg6 52. Rb6 Re2
53. Ra6 f6 54. Rb6 f5 55. gxf5+ Kxf5 56. Rb5+ e5 57. Rb4 Rd2 58. Ra4 Rd4 59.
Ra5 g4 60. fxg4+ Rxg4+ 61. Kf3 1/2-1/2

[Event "Canadian Open ch 2007"]
[Site "Ottawa CAN"]
[Date "2007.07.08"]
[Round "2"]
[White "Hua, Lefong"]
[Black "Barclay, Wayne"]
[Result "1-0"]
[WhiteElo "2323"]
[BlackElo "2222"]
[PlyCount "151"]
[EventDate "2007.07.07"]
[EventType "swiss"]
[EventRounds "9"]
[EventCountry "CAN"]
[Source "lmi"]
[SourceDate "2007.07.07"]

1. d4 Nf6 2. c4 e6 3. Nc3 Bb4 4. e3 d5 5. Nge2 dxc4 6. a3 Ba5 7. Ng3 b5 8. Bd2
c6 9. Qf3 Qb6 10. e4 Nbd7 11. e5 Nd5 12. Qg4 g6 13. Nge4 O-O 14. Qh4 Re8 15.
Be2 c5 16. dxc5 Qb8 17. Nd6 Ba6 18. Qd4 Bxc3 19. bxc3 Qc7 20. Nxe8 Rxe8 21. Be3
Nxe5 22. O-O Nc6 23. Qh4 Nxe3 24. fxe3 f5 25. Qf6 Bc8 26. a4 Rf8 27. Qg5 a6 28.
axb5 axb5 29. Bf3 Ne5 30. c6 Nxc6 31. Ra8 Ne5 32. Qf4 Nxf3+ 33. Qxf3 Qc5 34.
Rb8 Bd7 35. Rxf8+ Kxf8 36. Qf4 Bc6 37. Rd1 Bd5 38. Qb8+ Kf7 39. Qe5 Qa7 40. Rd2
Kg8 41. h3 Kf7 42. Kh2 h6 43. Rb2 Qa6 44. Qb8 Qb7 45. Rxb5 Qxb8+ 46. Rxb8 Kf6
47. Kg3 g5 48. Rc8 Ke5 49. Kf2 h5 50. g3 Ke4 51. Ke2 f4 52. gxf4 gxf4 53. Rh8
f3+ 54. Kd2 f2 55. Rf8 e5 56. Rxf2 Be6 57. h4 Bg4 58. Rf7 Be6 59. Rg7 Bg4 60.
Rg5 Bf3 61. Rg8 Bg4 62. Rf8 Be6 63. Rf6 Bg4 64. Rc6 Kd5 65. Rc7 Be6 66. Ke2 Ke4
67. Rg7 Bg4+ 68. Rxg4+ hxg4 69. Kf2 g3+ 70. Kxg3 Kxe3 71. h5 Kd2 72. h6 e4 73.
h7 e3 74. h8=Q e2 75. Qd4+ Kc2 76. Kf2 1-0

[Event "Canadian Open ch 2007"]
[Site "Ottawa CAN"]
[Date "2007.07.08"]
[Round "2"]
[White "Groleau, Giles"]
[Black "Likavsky, Tomas"]
[Result "0-1"]
[WhiteElo "2128"]
[BlackElo "2485"]
[PlyCount "42"]
[EventDate "2007.07.07"]
[EventType "swiss"]
[EventRounds "9"]
[EventCountry "CAN"]
[Source "lmi"]
[SourceDate "2007.07.07"]

1. e4 c5 2. Nc3 Nc6 3. f4 g6 4. Nf3 Bg7 5. Bb5 d6 6. Bxc6+ bxc6 7. d3 Nf6 8.
O-O O-O 9. e5 Nd5 10. Ne2 Bg4 11. c4 Nc7 12. d4 cxd4 13. Nexd4 c5 14. Nc6 Qd7
15. Nxe7+ Qxe7 16. exd6 Qd7 17. dxc7 Qxc7 18. Qe1 Bxf3 19. Rxf3 Rfe8 20. Qf1
Qa5 21. Ra3 Bd4+ 0-1

[Event "Canadian Open ch 2007"]
[Site "Ottawa CAN"]
[Date "2007.07.08"]
[Round "2"]
[White "Demmery, Steve"]
[Black "Mikanovic, Goran"]
[Result "1/2-1/2"]
[WhiteElo "2124"]
[BlackElo "2303"]
[PlyCount "56"]
[EventDate "2007.07.07"]
[EventType "swiss"]
[EventRounds "9"]
[EventCountry "CAN"]
[Source "lmi"]
[SourceDate "2007.07.07"]

1. d4 Nf6 2. c4 e6 3. g3 Bb4+ 4. Bd2 Be7 5. Bg2 d5 6. Nf3 O-O 7. Qc2 c6 8. O-O
b6 9. cxd5 cxd5 10. Bf4 Bb7 11. Ne5 Nfd7 12. Nd2 Nxe5 13. Bxe5 Nc6 14. Nf3 Qd7
15. Rfc1 Rfc8 16. Qd3 Na5 17. Bf4 Nc4 18. Ne5 Nxe5 19. Bxe5 Qa4 20. a3 Ba6 21.
Qb3 h6 22. Bf3 Bb5 23. Bh5 Be8 24. Bc7 b5 25. e3 b4 26. Rc2 Bd8 27. Bxd8 Rxd8
28. Rc5 f5 1/2-1/2

[Event "Canadian Open ch 2007"]
[Site "Ottawa CAN"]
[Date "2007.07.08"]
[Round "2"]
[White "Kuryliw, Ray"]
[Black "Vul, Arkady"]
[Result "0-1"]
[WhiteElo "2165"]
[BlackElo "2324"]
[PlyCount "68"]
[EventDate "2007.07.07"]
[EventType "swiss"]
[EventRounds "9"]
[EventCountry "CAN"]
[Source "lmi"]
[SourceDate "2007.07.07"]

1. f4 d5 2. Nf3 g6 3. e3 Bg7 4. Nc3 Nf6 5. Be2 O-O 6. O-O b6 7. Kh1 Bb7 8. d4
Nbd7 9. Qe1 e6 10. Nd1 Ne4 11. Nf2 Nxf2+ 12. Qxf2 Nf6 13. Qh4 Ne4 14. Qxd8
Rfxd8 15. Nd2 Nd6 16. a4 a5 17. Re1 Rac8 18. Nb1 c5 19. c3 f6 20. Nd2 e5 21.
Nf3 Re8 22. Bd2 Rc7 23. dxc5 Rxc5 24. b4 Rc7 25. bxa5 bxa5 26. Rab1 Ne4 27. c4
Nxd2 28. Nxd2 exf4 29. Bf3 Rxe3 30. Rxe3 fxe3 31. Nf1 e2 32. Bxe2 dxc4 33.
Bxc4+ Rxc4 34. Rxb7 Rxa4 0-1

[Event "Canadian Open ch 2007"]
[Site "Ottawa CAN"]
[Date "2007.07.08"]
[Round "2"]
[White "Day, Lawrence"]
[Black "Sundar, Avinaash"]
[Result "1-0"]
[WhiteElo "2320"]
[BlackElo "2081"]
[PlyCount "53"]
[EventDate "2007.07.07"]
[EventType "swiss"]
[EventRounds "9"]
[EventCountry "CAN"]
[Source "lmi"]
[SourceDate "2007.07.07"]

1. e4 c5 2. Nc3 Nc6 3. g3 g6 4. Bg2 Bg7 5. Nh3 e6 6. d3 Nge7 7. O-O O-O 8. Be3
Nd4 9. Qd2 d5 10. Bh6 e5 11. Bxg7 Kxg7 12. f4 dxe4 13. Nxe4 Qc7 14. fxe5 Qxe5
15. Rae1 Qc7 16. Qg5 Ne6 17. Qf6+ Kg8 18. Qc3 Nd5 19. Qc4 Rd8 20. Neg5 b5 21.
Qh4 h5 22. Nxf7 Rd7 23. Rxe6 Rxf7 24. Rxg6+ Kf8 25. Rxf7+ Kxf7 26. Bxd5+ Kxg6
27. Nf4+ 1-0

[Event "Canadian Open ch 2007"]
[Site "Ottawa CAN"]
[Date "2007.07.08"]
[Round "2"]
[White "Peev, Pavel"]
[Black "Predescu, Sebastian"]
[Result "0-1"]
[WhiteElo "2029"]
[BlackElo "2317"]
[PlyCount "66"]
[EventDate "2007.07.07"]
[EventType "swiss"]
[EventRounds "9"]
[EventCountry "CAN"]
[Source "lmi"]
[SourceDate "2007.07.07"]

1. e4 c5 2. Nf3 d6 3. d4 cxd4 4. Nxd4 Nf6 5. Nc3 a6 6. Be3 e5 7. Nb3 Be6 8. Qd2
Nbd7 9. f3 b5 10. a4 b4 11. Nd5 Bxd5 12. exd5 Nb6 13. Bxb6 Qxb6 14. a5 Qb7 15.
Bc4 g6 16. Ra4 Rb8 17. Qd3 Ra8 18. Qd2 Rb8 19. Qd3 Bg7 20. Nd2 O-O 21. Bxa6
Qxd5 22. Qxd5 Nxd5 23. O-O Bh6 24. Ne4 Rfd8 25. Rd1 Be3+ 26. Kf1 Bd4 27. Ke2
Nf4+ 28. Kf1 d5 29. g3 Ne6 30. Nf6+ Kg7 31. Nxd5 Rxd5 32. c3 Nc5 33. Rxb4 Rxb4
0-1

[Event "Canadian Open ch 2007"]
[Site "Ottawa CAN"]
[Date "2007.07.08"]
[Round "2"]
[White "Dougherty, Michael"]
[Black "Aird, Ian"]
[Result "1-0"]
[WhiteElo "2307"]
[BlackElo "2048"]
[PlyCount "57"]
[EventDate "2007.07.07"]
[EventType "swiss"]
[EventRounds "9"]
[EventCountry "CAN"]
[Source "lmi"]
[SourceDate "2007.07.07"]

1. d4 d6 2. Nf3 Nf6 3. c4 Nbd7 4. Nc3 e5 5. Bg5 c6 6. e3 Be7 7. Qc2 h6 8. Bh4
Qc7 9. O-O-O a6 10. c5 O-O 11. cxd6 Bxd6 12. Bc4 b5 13. Bb3 Bb7 14. Qf5 e4 15.
Ne5 c5 16. Bg3 Rad8 17. Kb1 b4 18. Ne2 Bc8 19. Nxf7 Rxf7 20. Bxd6 Qxd6 21. dxc5
Qe7 22. c6 Nf8 23. Bxf7+ Kxf7 24. Qa5 Ne6 25. Rxd8 Qxd8 26. Qxd8 Nxd8 27. Nd4
Ng4 28. c7 Nb7 29. Nc6 1-0

[Event "Canadian Open ch 2007"]
[Site "Ottawa CAN"]
[Date "2007.07.08"]
[Round "2"]
[White "Saleh, Maher"]
[Black "Zhou, Haonan"]
[Result "0-1"]
[WhiteElo "2290"]
[BlackElo "1948"]
[PlyCount "68"]
[EventDate "2007.07.07"]
[EventType "swiss"]
[EventRounds "9"]
[EventCountry "CAN"]
[Source "lmi"]
[SourceDate "2007.07.07"]

1. Nf3 d5 2. g3 Nf6 3. Bg2 Bf5 4. c4 c6 5. cxd5 cxd5 6. Qb3 Qb6 7. Qxb6 axb6 8.
Nc3 Bd7 9. Nd4 e6 10. d3 Bc5 11. Nb3 Be7 12. e4 dxe4 13. dxe4 e5 14. Be3 b5 15.
Nd5 Nxd5 16. exd5 Bd6 17. Ke2 O-O 18. Rhc1 Na6 19. Nc5 Bg4+ 20. Bf3 Bxf3+ 21.
Kxf3 Bxc5 22. Bxc5 Rfc8 23. Bb6 Kf8 24. Ke4 f6 25. d6 Ke8 26. Kd5 Kd7 27. a3
Rc6 28. Bc7 Rc8 29. a4 Nxc7+ 30. dxc7 Rd6+ 31. Kc5 bxa4 32. Kb5 Rxc7 33. Rxc7+
Kxc7 34. Rxa4 Rd5+ 0-1

[Event "Canadian Open ch 2007"]
[Site "Ottawa CAN"]
[Date "2007.07.08"]
[Round "2"]
[White "Djerkovic, Miladin"]
[Black "Huang, Richard"]
[Result "1-0"]
[WhiteElo "2299"]
[BlackElo "2018"]
[PlyCount "91"]
[EventDate "2007.07.07"]
[EventType "swiss"]
[EventRounds "9"]
[EventCountry "CAN"]
[Source "lmi"]
[SourceDate "2007.07.07"]

1. e4 c5 2. Nf3 e6 3. d4 cxd4 4. Nxd4 Nc6 5. Nc3 Qc7 6. Be3 a6 7. Be2 Nf6 8.
O-O Bb4 9. Na4 Nxe4 10. c4 Be7 11. Nxc6 bxc6 12. Qd4 Nf6 13. Nb6 Rb8 14. c5 e5
15. Qd3 O-O 16. f4 exf4 17. Rxf4 d5 18. b4 Ne4 19. Rff1 Bg5 20. Bxg5 Nxg5 21.
Rab1 Rxb6 22. Qe3 Rb8 23. Qxg5 Re8 24. Bd3 Qe5 25. Bxh7+ Kxh7 26. Qh4+ Kg8 27.
Rbe1 Qxe1 28. Rxe1 Rxe1+ 29. Qxe1 Be6 30. Qd2 Rd8 31. Qd4 Ra8 32. a4 Rb8 33.
Kf2 f6 34. Qf4 Rc8 35. Qd6 Kf7 36. Ke3 g5 37. Kd4 Bf5 38. h4 gxh4 39. Qf4 Ke6
40. Qxh4 Rg8 41. Qh2 Rc8 42. Qd6+ Kf7 43. b5 axb5 44. a5 b4 45. a6 b3 46. Kc3
1-0

[Event "Canadian Open ch 2007"]
[Site "Ottawa CAN"]
[Date "2007.07.08"]
[Round "3"]
[White "Miton, Kamil"]
[Black "Ivkov, Borislav"]
[Result "1-0"]
[WhiteElo "2653"]
[BlackElo "2430"]
[PlyCount "75"]
[EventDate "2007.07.07"]
[EventType "swiss"]
[EventRounds "9"]
[EventCountry "CAN"]
[Source "lmi"]
[SourceDate "2007.07.07"]

1. d4 c5 2. d5 e5 3. e4 d6 4. Bb5+ Nd7 5. a4 Be7 6. Nf3 Ngf6 7. Nc3 O-O 8. O-O
Ne8 9. Nd2 g6 10. a5 Bg5 11. a6 bxa6 12. Bxa6 Bxa6 13. Rxa6 Nb6 14. Qe2 Nc7 15.
Ra1 a5 16. Nb3 Bxc1 17. Rfxc1 a4 18. Nd2 Qd7 19. Ra3 f5 20. f3 fxe4 21. fxe4
Rf4 22. Rca1 Rb8 23. h3 c4 24. Nxa4 Qb5 25. Qe3 Nxa4 26. Rxa4 Qxb2 27. Rb1
Qxb1+ 28. Nxb1 Rxb1+ 29. Kh2 Nb5 30. Rxc4 h5 31. Rc8+ Kg7 32. Rb8 h4 33. Rb7+
Kf6 34. Qb6 Kg5 35. Qd8+ Rf6 36. c4 Nc3 37. Rxb1 Nxb1 38. g3 1-0

[Event "Canadian Open ch 2007"]
[Site "Ottawa CAN"]
[Date "2007.07.08"]
[Round "3"]
[White "Hua, Lefong"]
[Black "Atalik, Suat"]
[Result "0-1"]
[WhiteElo "2323"]
[BlackElo "2586"]
[PlyCount "72"]
[EventDate "2007.07.07"]
[EventType "swiss"]
[EventRounds "9"]
[EventCountry "CAN"]
[Source "lmi"]
[SourceDate "2007.07.07"]

1. d4 d5 2. c4 c6 3. Nc3 Nf6 4. Nf3 a6 5. cxd5 cxd5 6. Bf4 Nc6 7. e3 Bg4 8. Be2
e6 9. O-O Be7 10. Ne5 Bxe2 11. Qxe2 Rc8 12. Rfc1 O-O 13. Nxc6 Rxc6 14. a3 Qd7
15. Rc2 Rfc8 16. Rac1 b5 17. Nd1 h6 18. h3 Rxc2 19. Rxc2 Rc4 20. f3 Qc6 21.
Rxc4 dxc4 22. e4 a5 23. Qc2 Nd7 24. Be3 b4 25. axb4 axb4 26. b3 c3 27. Nf2 Qa6
28. Nd3 Qa1+ 29. Kh2 Bd6+ 30. f4 Qf1 31. Nf2 Qe1 32. Qd3 Bxf4+ 33. Bxf4 Qxf2
34. Be3 Qe1 35. d5 exd5 36. exd5 c2 0-1

[Event "Canadian Open ch 2007"]
[Site "Ottawa CAN"]
[Date "2007.07.08"]
[Round "3"]
[White "Voloaca, Mihnea"]
[Black "Shomoev, Anton"]
[Result "0-1"]
[WhiteElo "2313"]
[BlackElo "2551"]
[PlyCount "138"]
[EventDate "2007.07.07"]
[EventType "swiss"]
[EventRounds "9"]
[EventCountry "CAN"]
[Source "lmi"]
[SourceDate "2007.07.07"]

1. d4 Nf6 2. c4 g6 3. Nc3 Bg7 4. Nf3 O-O 5. Bg5 c5 6. e3 cxd4 7. exd4 d5 8.
Bxf6 exf6 9. Nxd5 Bg4 10. Be2 Nc6 11. O-O f5 12. Ne3 Bxf3 13. Bxf3 Nxd4 14. Bd5
Re8 15. Kh1 Qb6 16. Rb1 Rad8 17. Qd3 Qa6 18. g3 Ne6 19. Qa3 Qxa3 20. bxa3 b6
21. Bc6 Rf8 22. Nd5 Rd6 23. Ba4 Bd4 24. Bc2 Kg7 25. Kg2 Bc5 26. a4 Nd4 27. Bd3
Nc6 28. Rfe1 Re6 29. Nf4 Rxe1 30. Rxe1 Nb4 31. Bb1 Rd8 32. Nd5 Nxd5 33. cxd5
Rxd5 34. Re2 Rd4 35. Bc2 Kf6 36. h3 g5 37. Kf3 h5 38. Kg2 h4 39. gxh4 Rxh4 40.
Rd2 Rf4 41. f3 Rc4 42. Re2 Rc3 43. Kg3 Be3 44. Bb3 Rc1 45. Rc2 Rg1+ 46. Kh2 Re1
47. Bc4 Bc5 48. Re2 Rc1 49. Bb3 Bg1+ 50. Kg2 Bd4 51. Rc2 Re1 52. Bc4 Be3 53.
Bf1 Rd1 54. Re2 Bc5 55. Rc2 Ke5 56. a5 Kf4 57. axb6 axb6 58. Rc4+ Bd4 59. Rc2
f6 60. Re2 Rd3 61. Kh2 Rxf3 62. Bg2 Rd3 63. Bb7 Be3 64. Kg2 g4 65. h4 Bc5 66.
Re6 Rd2+ 67. Kf1 Kg3 68. h5 f4 69. h6 f3 0-1

[Event "Canadian Open ch 2007"]
[Site "Ottawa CAN"]
[Date "2007.07.08"]
[Round "3"]
[White "Ziegler, Richard"]
[Black "Hoang Thong, Tu"]
[Result "0-1"]
[WhiteElo "2181"]
[BlackElo "2472"]
[PlyCount "60"]
[EventDate "2007.07.07"]
[EventType "swiss"]
[EventRounds "9"]
[EventCountry "CAN"]
[Source "lmi"]
[SourceDate "2007.07.07"]

1. g3 f5 2. Bg2 Nf6 3. c4 d6 4. Nc3 e5 5. e3 Be7 6. Nge2 O-O 7. O-O c6 8. d3
Be6 9. f4 Na6 10. Rb1 Nc7 11. b4 a6 12. a4 Qd7 13. b5 axb5 14. axb5 Rab8 15.
Qa4 c5 16. Bd2 Rfe8 17. Ra1 Bf8 18. Qb3 d5 19. cxd5 Ncxd5 20. Nxd5 Nxd5 21. Qb2
exf4 22. gxf4 Bf7 23. e4 Nb4 24. Bxb4 cxb4 25. Rad1 Ra8 26. Ng3 Ra2 27. Qb1
fxe4 28. dxe4 Qxb5 29. e5 Rc8 30. Qf5 Rcc2 0-1

[Event "Canadian Open ch 2007"]
[Site "Ottawa CAN"]
[Date "2007.07.08"]
[Round "3"]
[White "Sambuev, Bator"]
[Black "Bao Trinh, Tri"]
[Result "1-0"]
[WhiteElo "2480"]
[BlackElo "2057"]
[PlyCount "65"]
[EventDate "2007.07.07"]
[EventType "swiss"]
[EventRounds "9"]
[EventCountry "CAN"]
[Source "lmi"]
[SourceDate "2007.07.07"]

1. Nf3 c5 2. c4 g6 3. Nc3 Nc6 4. e3 Bg7 5. d4 Nf6 6. d5 Nb8 7. e4 d6 8. h3 O-O
9. Bd3 Na6 10. Bg5 Nc7 11. Qd2 Re8 12. O-O Nd7 13. Rae1 Rb8 14. Bf4 Bxc3 15.
bxc3 f6 16. Rb1 Na8 17. Bh2 Qa5 18. Qh6 Rf8 19. Nh4 Rf7 20. f4 Qxc3 21. Rb3 Qd2
22. Bb1 Qd4+ 23. Kh1 Qxc4 24. Bd3 Qd4 25. e5 Qxd5 26. Bxg6 hxg6 27. Rg3 g5 28.
fxg5 fxe5 29. Qg6+ Kf8 30. Rgf3 Rxf3 31. Rxf3+ Qxf3 32. gxf3 Nc7 33. Qh7 1-0

[Event "Canadian Open ch 2007"]
[Site "Ottawa CAN"]
[Date "2007.07.08"]
[Round "3"]
[White "Mai, Lloyd"]
[Black "Kunte, Abhijit"]
[Result "0-1"]
[WhiteElo "2288"]
[BlackElo "2532"]
[PlyCount "86"]
[EventDate "2007.07.07"]
[EventType "swiss"]
[EventRounds "9"]
[EventCountry "CAN"]
[Source "lmi"]
[SourceDate "2007.07.07"]

1. e4 c5 2. Nf3 e6 3. d3 Nc6 4. g3 d5 5. Nbd2 g6 6. Bg2 Bg7 7. O-O Nge7 8. Re1
h6 9. Qe2 b6 10. c3 Ba6 11. e5 g5 12. Bh3 Qc7 13. Qe3 Bb7 14. a3 d4 15. cxd4
cxd4 16. Nxd4 Qxe5 17. Nxc6 Qxe3 18. fxe3 Bxc6 19. Bg2 Bxg2 20. Kxg2 Rc8 21.
Nc4 O-O 22. a4 Rfd8 23. Ra3 Ng6 24. Kf3 Rd5 25. e4 Rd7 26. Be3 f5 27. h3 Rxd3
28. Rxd3 fxe4+ 29. Kxe4 Rxc4+ 30. Bd4 e5 31. Kd5 Rxd4+ 32. Rxd4 exd4 33. Kc6 d3
34. b3 d2 35. Re8+ Kf7 36. Rd8 Bc3 37. Kb7 Ke7 38. Rd5 Ke6 39. Rd8 Ne5 40. Kc7
Nf3 41. Rd3 Ke5 42. Re3+ Kd4 43. Re6 Kd3 0-1

[Event "Canadian Open ch 2007"]
[Site "Ottawa CAN"]
[Date "2007.07.08"]
[Round "3"]
[White "Gerzhoy, Leonid"]
[Black "Cheng, Bindi"]
[Result "0-1"]
[WhiteElo "2398"]
[BlackElo "2217"]
[PlyCount "106"]
[EventDate "2007.07.07"]
[EventType "swiss"]
[EventRounds "9"]
[EventCountry "CAN"]
[Source "lmi"]
[SourceDate "2007.07.07"]

1. Nf3 f5 2. g3 Nf6 3. Bg2 e6 4. c4 Be7 5. O-O O-O 6. d4 d6 7. Nc3 Ne4 8. Qc2
d5 9. Bf4 c6 10. Ne5 Nd6 11. c5 Nf7 12. Nxf7 Rxf7 13. b4 Nd7 14. b5 Nf8 15.
bxc6 bxc6 16. Rab1 Bd7 17. Bd6 Bxd6 18. cxd6 Be8 19. f4 Qxd6 20. Na4 Rc7 21.
Rfc1 Rac8 22. Nc5 g5 23. e3 Rg7 24. Qe2 h5 25. Qa6 Rb8 26. Rb3 Rxb3 27. axb3
Qb8 28. Qa3 h4 29. Kf2 Qd8 30. Nd3 Ng6 31. Qc5 Rb7 32. b4 Rg7 33. Ra1 gxf4 34.
exf4 Qb8 35. Re1 Nf8 36. Ne5 Nd7 37. Qxc6 Nf8 38. Qc3 Rc7 39. Qd2 Ba4 40. Kg1
hxg3 41. hxg3 Rc2 42. Qe3 Qxb4 43. g4 Qd2 44. Qg3 Qxd4+ 45. Re3 Rc7 46. gxf5+
Rg7 47. Qh3 exf5 48. Kh1 Be8 49. Rg3 Bg6 50. Nf3 Qxf4 51. Ng5 Bf7 52. Nxf7 Qxg3
53. Nh6+ Kh7 0-1

[Event "Canadian Open ch 2007"]
[Site "Ottawa CAN"]
[Date "2007.07.08"]
[Round "3"]
[White "Jiang, Louie"]
[Black "de la Paz, Frank"]
[Result "1/2-1/2"]
[WhiteElo "2245"]
[BlackElo "2479"]
[PlyCount "50"]
[EventDate "2007.07.07"]
[EventType "swiss"]
[EventRounds "9"]
[EventCountry "CAN"]
[Source "lmi"]
[SourceDate "2007.07.07"]

1. e4 e5 2. Nf3 Nc6 3. Bb5 Bc5 4. O-O d6 5. h3 Bd7 6. c3 Nge7 7. d4 Bb6 8. dxe5
Nxe5 9. Nxe5 dxe5 10. Bxd7+ Qxd7 11. Qxd7+ Kxd7 12. Nd2 c6 13. Nc4 Bc7 14. Be3
Ke6 15. a4 g6 16. Rfd1 f5 17. Bc5 Nc8 18. Re1 f4 19. a5 Rd8 20. f3 Rb8 21. Kf1
Ra8 22. Ke2 Bd6 23. Red1 Bc7 24. Rdb1 Nd6 25. Bxd6 Bxd6 1/2-1/2

[Event "Canadian Open ch 2007"]
[Site "Ottawa CAN"]
[Date "2007.07.08"]
[Round "3"]
[White "Szalay, Karoly"]
[Black "Reprintsev, Alexander"]
[Result "0-1"]
[WhiteElo "2214"]
[BlackElo "2410"]
[PlyCount "84"]
[EventDate "2007.07.07"]
[EventType "swiss"]
[EventRounds "9"]
[EventCountry "CAN"]
[Source "lmi"]
[SourceDate "2007.07.07"]

1. e4 d5 2. exd5 Qxd5 3. Nc3 Qa5 4. d4 Nf6 5. Bc4 Bg4 6. f3 Be6 7. Bxe6 fxe6 8.
Qe2 Nc6 9. Qc4 Qb4 10. Qxb4 Nxb4 11. Kd2 O-O-O 12. Nce2 e5 13. c3 Nc6 14. Ke3
exd4+ 15. Nxd4 Nxd4 16. cxd4 Nd5+ 17. Ke4 g6 18. Ne2 Bg7 19. f4 Rhf8 20. a3 g5
21. g3 Rf6 22. Rd1 Rh6 23. fxg5 Rxh2 24. Nf4 c6 25. Ne6 Re2+ 26. Kf5 Rg8 27. b4
Rf2+ 28. Nf4 h6 29. Ke6 Rd8 30. Kf7 hxg5 31. Kxg7 gxf4 32. gxf4 Rg2+ 33. Kf7
Kd7 34. f5 Rh8 35. Bf4 Nxf4 36. Rh1 Nh5 37. Rag1 Rh7+ 38. Kf8 Rf2 39. Rg5 e6
40. f6 Rxf6+ 41. Kg8 Rfh6 42. Rhg1 Rh8+ 0-1

[Event "Canadian Open ch 2007"]
[Site "Ottawa CAN"]
[Date "2007.07.08"]
[Round "3"]
[White "Barron, Michael"]
[Black "Keith Jacques, Liam"]
[Result "1/2-1/2"]
[WhiteElo "2333"]
[BlackElo "1945"]
[PlyCount "64"]
[EventDate "2007.07.07"]
[EventType "swiss"]
[EventRounds "9"]
[EventCountry "CAN"]
[Source "lmi"]
[SourceDate "2007.07.07"]

1. e4 c5 2. Nf3 d6 3. d4 cxd4 4. Nxd4 Nf6 5. Nc3 a6 6. Be2 e5 7. Nb3 Be7 8. a4
O-O 9. O-O Be6 10. f4 exf4 11. Bxf4 Nc6 12. Kh1 Ne5 13. Nd4 Qc7 14. Nxe6 fxe6
15. Qd4 Rac8 16. Rad1 Qc5 17. h3 Rfd8 18. Be3 Qxd4 19. Rxd4 d5 20. Bf4 Nc6 21.
Rdd1 d4 22. e5 dxc3 23. exf6 Bxf6 24. bxc3 Bxc3 25. Bc4 Nd4 26. Rxd4 Bxd4 27.
Bxe6+ Kh8 28. Bxc8 Rxc8 29. Rd1 Bf6 30. Rd7 Rxc2 31. Rxb7 h6 32. Rc7 Rxc7
1/2-1/2

[Event "Canadian Open ch 2007"]
[Site "Ottawa CAN"]
[Date "2007.07.08"]
[Round "3"]
[White "Huber, Greg"]
[Black "Gaciu, Vlad"]
[Result "1-0"]
[WhiteElo "2336"]
[BlackElo "1973"]
[PlyCount "71"]
[EventDate "2007.07.07"]
[EventType "swiss"]
[EventRounds "9"]
[EventCountry "CAN"]
[Source "lmi"]
[SourceDate "2007.07.07"]

1. e4 d6 2. Nc3 Nf6 3. g3 g6 4. Bg2 Bg7 5. Nge2 O-O 6. O-O e5 7. d3 Nc6 8. f4
Bg4 9. h3 Bxe2 10. Qxe2 Nh5 11. Kh2 exf4 12. gxf4 Nd4 13. Qf2 f5 14. exf5 Nxf5
15. Ne2 d5 16. Bf3 Nf6 17. Ng3 Nd4 18. Bg2 Qd6 19. Kh1 Nc6 20. f5 Nh5 21. Nxh5
Rxf5 22. Nf4 g5 23. Bxd5+ Kh8 24. Be4 Rf6 25. Qh2 gxf4 26. Bxf4 Qc5 27. Bg3 Rh6
28. Rf5 Qb6 29. c3 Rg8 30. Raf1 Qe3 31. R5f3 Qc5 32. Rf5 Qe3 33. Bf4 Qxh3 34.
Bxh6 Qxh6 35. Rh5 Be5 36. Rxh6 1-0

[Event "Canadian Open ch 2007"]
[Site "Ottawa CAN"]
[Date "2007.07.08"]
[Round "3"]
[White "Zhou, Haonan"]
[Black "Day, Lawrence"]
[Result "1/2-1/2"]
[WhiteElo "1948"]
[BlackElo "2320"]
[PlyCount "81"]
[EventDate "2007.07.07"]
[EventType "swiss"]
[EventRounds "9"]
[EventCountry "CAN"]
[Source "lmi"]
[SourceDate "2007.07.07"]

1. d4 Nf6 2. c4 d6 3. Nc3 Bf5 4. Nf3 h6 5. Bf4 Nbd7 6. h3 c6 7. e3 Qa5 8. Nd2
e5 9. Nb3 Qb4 10. Bh2 a5 11. a3 Qb6 12. Na4 Qc7 13. Be2 Be7 14. Rc1 c5 15. dxe5
dxe5 16. Bf3 O-O 17. O-O Rfd8 18. Qe1 Nb6 19. Bxe5 Qxe5 20. Nxb6 Bd6 21. g3 Ra6
22. Na4 Bxh3 23. Bg2 Qh5 24. Nd2 Bf5 25. e4 Ng4 26. Nf3 Bd7 27. Nc3 Be5 28. Qe2
Bd4 29. Nd5 g5 30. Rc2 Re6 31. Qd3 a4 32. Re1 Bg7 33. Qd1 Rc8 34. Rd2 Bc6 35.
Nb6 Rce8 36. Nd5 Rxe4 37. Rxe4 Rxe4 38. Nxg5 Re8 39. Nf3 Ne5 40. Nxe5 Qxe5 41.
Ne3 1/2-1/2